[Event "Gebze op 5th"]
[Site "Kocaeli"]
[Date "2014.09.21"]
[Round "3"]
[White "Baran, Murat"]
[Black "Kinatas, Abdulmecit"]
[Result "1-0"]
[WhiteElo "1946"]
[BlackElo "1656"]
[PlyCount "55"]
[EventDate "2014.09.20"]
[EventType "swiss"]
[EventRounds "9"]
[EventCountry "TUR"]
[SourceTitle "CBM 162 Extra"]
[Source "ChessBase"]
[SourceDate "2014.10.17"]
[SourceVersion "1"]
[SourceVersionDate "2014.10.17"]
[SourceQuality "1"]

1. d4 d5 2. c4 c6 3. Nf3 e6 4. e3 Nf6 5. b3 Nbd7 6. Bd3 dxc4 7. bxc4 c5 8. 0-0 Be7 9. Nc3 0-0 10. Bb2 cxd4 11. exd4 b6 12. Qe2 Bb7 13. Rfe1 Re8 14. Rad1 Nf8 15. Ne5 g6 16. Qe3 N8d7 17. Bc2 Rc8 18. Ba4 Bb4 19. a3 Bxc3 20. Qxc3 Qe7 21. Nxd7 Nxd7 22. d5 e5 23. Bxd7 Qxd7 24. Rxe5 f6 25. Rxe8+ Rxe8 26. Qxf6 Qe7 27. Qh8+ Kf7 28. Qg7# 1-0